000 00622nam a2200241Ia 4500
005 20260430150140.0
008 008 250103s9999 xx 000 0 eng d
037 _aTheses
040 _aCRL
040 _beng
040 _ceng
041 _2eng
041 _aeng
084 _qCRL
100 _aDuc Nguyen Minh Au.; Pradeep Kumar Gu.
_91236602
245 0 _aRole of prajna in pure land buddhism: A critical study
260 _c2019
300 _a215p.
650 _aBuddhism
700 _aUniversity of Delhi. Faculty of Arts. Department of Buddhist Studies
942 _cTH
999 _c1849069
_d1849069